000 00285nam a22001337a 4500
020 _a0072363967
082 _a150
100 _aKaren G. Duffy (ed)
245 _aPsychology
250 _a30th ed.
260 _aGuilford
_bDushkin mcGraw Hill
_c2000.
300 _a229p
942 _cBK
999 _c2863
_d2863